| 000 | 00420nam a2200181Ia 4500 | ||
|---|---|---|---|
| 008 | 170918s9999 xx 000 0 und d | ||
| 020 | _a9780440227533 | ||
| 050 | _bL921 1989 | ||
| 100 | _aLowry, Lois | ||
| 245 | _aNumber the stars / | ||
| 245 | _cby Lois Lowry. | ||
| 260 | _aUSA : | ||
| 260 | _bLaurel-Leaf Books, | ||
| 260 | _c1989 | ||
| 300 | _a137 pages : | ||
| 300 | _billustrations ; | ||
| 300 | _c17cm. | ||
| 999 |
_c343880 _d343880 |
||